000 00908nas a2200253Ia 4500
001 R115/44734
003 IT-RoPAU
008 151124c99999999xx |||||||||||| ||und||
040 _aIT-RoPAU
040 _cIT-RoPAU
041 _aITALIANO
100 _aSestini Franco
_gCodice Aut. SPICS: 31309
210 _aEDAV
222 _aEdav
245 _aEDAV, ANNO 03-N.025 (GENNAIO 1975)
_bPrima Rassegna Internazionale Del Cinema di Sperimentazione E Ricerca di Base Dedicata Ai Ragazzi
250 _a1a ed.
260 _aROMA
_bCISCS
_c1975
501 _bPaulus - SPICS - Società San Paolo EM (non-commercial uses only)
_cCopyright2015
300 _a2 p. [389-390]
362 _aANNO 003, N.025 (GENNAIO 1975)
500 _aTenuta a Pisa Dal 17 al 22 Dicembre 1974. Seminari di Studio. Film Realizzati da Ragazzi. Film per Ragazzi.
650 _aCOMUNICAZIONE
_vPUBBLICAZIONE PERIODICA
942 _cCR
999 _c113236
_d113236